Notions - Histoire Moderne - Statistiques

Statistiques générales
  • Ce quiz a été pris 26 fois
    7 depuis la dernière actualisation
  • Le résultat moyen est 12 sur 56
Statistiques - réponses
Hint Réponse % Correct
protestantisme très stricte pensé par le Français Jean Calvin en 1536. Cette doctrine repose sur la transcendance et la souveraineté de Dieu. Seule la parole de Dieu est véritable Calvinisme
100%
contrat allant de 1 à 7 ans signé dans le but de financer le passage en Amérique. Engagisme
43%
Type de guerre que les Français faisaient contre l'Espagne au niveau de la Floride. Cette guerre impliquait des marchands et des pêcheurs français qui obtenaient une lettre de marque de l'État français et qui les autorisait à s'attaquer à un ennemi pour prendre sa cargaison. Guerre de course
43%
vaisseau marchand anglais devenu célèbre pour avoir transporté en 1620 d'Angleterre (Plymouth) en Amérique du Nord un groupe de dissidents religieux, les Pilgrim fathers (« Pères pèlerins »), à la recherche d'un lieu pour pratiquer librement leur religion. Mayflower
43%
monopole accordé par la Couronne d’Espagne. Le détenteur de ce titre se voyait accorder le monopole des terres qu’il découvrait. Les aspirants au titre d'Adelantado entreprenaient des expéditions sur leurs fonds privés dans l'espoir d'une récompense économique, politique et sociale de la Couronne. Le premier à obtenir ce titre est Hernando de Soto en 1539. Adelantado
29%
protestantisme très modéré qui garde des pratiques très catholiques. Par exemple, on décide de garder les évêques. Elle est établie en 1534 en Angleterre lorsque Henri VIII décide de rompre avec Rome et de devenir le chef de l’Église anglicane. Anglicanisme
29%
Ensemble de lois instauré en 1724 en Louisiane pour organiser l’esclavage et compenser le manque de colons français. Il encadre le statut des esclaves africains, déportés massivement par la traite transatlantique vers les plantations américaines dans des conditions difficiles. Code Noir
29%
Système économique fondé sur l'accumulation des richesses, le protectionnisme et l'interventionnisme d'État dans le commerce et l'industrie. Il faut baisser les exportations et augmenter les importations. Colbertisme
29%
Système d'investissements qui permet de financer le commerce des fourrures. Mis en place par Richelieu en 1627. Compagnie des Cent Associés
29%
Système permettant à de jeunes colons sans le sou de financer leur passage en Amérique en échange d’un contrat d'engagement d’une durée moyenne de 3 ans (entre 1 et 7 ans selon les contrats). Engagisme
29%
désigne une vision impérialiste de l’Occident de laquelle des politiques néo-coloniales, occidentalo-centrées, voire d’ingérence. On considère l’Histoire d’un point de vue des Européens. Eurocentrisme
29%
Orphelines sans père (sans dote) issues de milieux modestes pour qui le Roi jouait le rôle de "père de substitution". Filles du Roy
29%
cadets désargentés appelés par les Rois catholiques d’Espagne pour participer à des missions militaires (ex : lors de la Conquista). Ils trouvent dans l’expérience militaire un moyen d'ascension sociale. Néanmoins, à leur retour, ils sont souvent plus riches que leurs aînés ce qui vaut des conflits d’intérêts. Hidalgo
29%
Ambition de sortir de l'eurocentrisme en étudiant à la fois le point de vue des européens mais en allant chercher les documentations des peuples que les européens ont rencontrés. Histoire globale
29%
Armée de Philippe II qui comprend tous les navires espagnols de la péninsule ibérique. Invincible Armada
29%
“grande montagne” ou “père” en langue huronne, titre donné au représentant du roi de France. Ex : Pierre de Gua de Monts. Onontio
29%
Commerce des fourrures initié par Champlain en Amérique du Nord, à Quebec. Pelleterie
29%
religion réformée qui s'est détachée du catholicisme au xvie siècle et à qui s'est opposée au pape l'ensemble des Églises protestantes Protestantisme
29%
membres d'une secte de presbytériens rigides, très attachés à relire les Écritures et dont beaucoup émigrèrent en Amérique à partir de la fin du XIXe s. Puritains
29%
Surnom donné à la première puissance maritime d'Europe, celle des Provinces-Unies Rouliers des mers
29%
dans les Provinces-Unies, Titre porté par les chefs de l'exécutif (notamment les princes d'Orange-Nassau). Stathouder
29%
Échange de nourriture qui scelle une alliance entre Bradford, Squanto et Massasoit. Thanksgiving
29%
Femmes qui réglaient leur dote en tabac en Virginie. Tobacco wives
29%
Entente entre l'Espagne et le Portugal sur le "partage du monde". La partie du monde à l'Est du méridien revient aux Portugais, celle à l'Ouest aux Espagnols. Texte ratifié par le pape pour plus de légitimité. Traité de Tordesillas
29%
Indien capturé assez jeune et qu'on peut utiliser à des fins diplomatiques de traduction pour pallier le problème de la langue. Truchement
29%
technique de navigation qui consiste à prendre les vents au large. Volta
29%
système de gouvernement où le pouvoir du chef de l'État est absolu. Absolutisme
14%
Route empruntée pour acheminer les richesses. L'enjeu est d'acheminer l'argent collecté à Potosi (Bolivie) jusqu'au port de Vera Cruz puis de l'amener à Séville. Elle passe par le cap entre la Floride et Cuba. Carrera de Indias
14%
Élément central de la diplomatie indienne : en offrir permet de sceller une alliance. William Penn en obtient un. Collier de Wampum
14%
société d’investisseur mettant en commun leurs capitaux. Compagnie par action
14%
Petite noblesse anglaise. Winthrop fait appel à eux pour investir dans la Massachussets Bay Company. Gentry
14%
Guerre entre gentilshommes, entre nobles, très codifiée avec de nombreuses règles. Guerre en dentelle
14%
Premier nom de Montréal. Hochelaga
14%
première assemblée politique en Virginie. House of Burgesses
14%
Partisans de Jacques II lors de sa conversion au catholicisme. Jacobites
14%
Anciens esclaves affranchis. Libres de Couleur
14%
Alliance qui réunit Espagne, Grande-Bretagne, Provinces-Unies, catholiques et protestants, contre Louis XIV. Ligue d'Augsbourg
14%
doctrine de l'Église sur la seule autorité de l'Écriture sainte, tout en reconnaissant la valeur du témoignage de l'Église primitive. L'Église catholique romaine utilise la tradition comme principal interprète des Écritures, tandis que les luthériens croient que l'Écriture est l'autorité suprême et « s'interprète elle-même ». Luthérien
14%
Femmes anglaises mariées à distance avec des engagés. Mail-order brides
14%
Colonie appartenant à Lord Baltimore pensée comme un refuge pour les catholiques. Maryland
14%
monarchie parfaite sans blocages qui impose une idée de force et de rapidité dans les actions. (France et Espagne). Monarchie absolue
14%
Mesure, votée par les Anglais en 1651, qui impose l'usage de navires anglais pour toute marchandise vendue au Royaume-Uni. Cette mesure lèse les marchands d'Amsterdam et déclenche le conflit. Navigation Act
14%
Système où les monarques encadrent les explorations. Patronage
14%
Branche particulière des puritains qui souhaitent pousser l'idéal de purification à son paroxysme. Quakers
14%
Nom anglais donné à la Guerre de Succession d'Espagne. Queen Ann's war
14%
Monnaie officielle grâce à un édit d'Henri III. Réal
14%
Adaptation au climat des Européens en Amérique. Seasoning
14%
Idée que la colonie ne peut commercer qu'avec la métropole / le royaume, et ce pour le bénéficie exclusif de cette dernière. Colonie à monopole
0%
Colonie détenue par un propriétaire ou par un tout petit nombre. Type de colonie qui se développe essentiellement au milieu du XVIIe siècle Colonie à propriétaire
0%
Croix avec des fleurs de Lys plantée par Jacques Cartier en 1534 au nord de l'Amérique, au Canada. Serait une preuve que les Français seraient les premiers à y être allés. Croix de Gaspé
0%
Pièces d'or (2 termes à mettre). Escudo - corona
0%
grands propriétaires fonciers en Virginie. Hundreds
0%
Juifs espagnols convertis au christianisme. Maranes
0%
elle relève certains blocages, il faut discuter avant chaque décision ce qui présente un véritable inconvénient en temps de guerre. (Angleterre). Monarchie tempérée
0%
Charte octroyée par le souverain à des investisseurs afin de les motiver dans les colonies. (Virginia Company et Plymouth Council). Société par actions
0%
VOC : société par actions qui devient la plus grosse compagnie commerciale de l'histoire mondiale, soutenue par les riches banquiers d'Amsterdam. Vereenigde Oostindische Compagnie
0%
Aucun quiz correspondant
Distribution des résultats
% des personnes avec chaque résultat
Percentile par nombre de réponses
Votre historique - résultats
Vous n’avez pas pris ce quiz depuis la dernière actualisation